Pojem tieňovej ekonomiky
Termíny používané pre ekonomické aktivity, ktoré sa nerealizujú v rámci oficiálnej ekonomiky, inak pomenúvaných aj ako tieňová ekonomika. Vysvetlenie pojmov druhá ekonomika, sivá ekonomika a nelegálne aktivity, ktoré sú predmetom trestnej činnosti. Definície tieňovej ekonomiky od G. Grossmana a E. G...
Enregistré dans:
| Auteur principal: | |
|---|---|
| Format: | Chapitre de livre |
| Langue: | slovaque |
| Sujets: | |
| Tags: |
Pas de tags, Soyez le premier à ajouter un tag!
|
MARC
| LEADER | 00000naa a2200000 4500 | ||
|---|---|---|---|
| 001 | r035677 | ||
| 005 | 20230824101816.1 | ||
| 041 | 0 | |a slo | |
| 044 | |a SK | ||
| 245 | 1 | 0 | |a Pojem tieňovej ekonomiky |c Juraj Žilinský |
| 520 | |a Termíny používané pre ekonomické aktivity, ktoré sa nerealizujú v rámci oficiálnej ekonomiky, inak pomenúvaných aj ako tieňová ekonomika. Vysvetlenie pojmov druhá ekonomika, sivá ekonomika a nelegálne aktivity, ktoré sú predmetom trestnej činnosti. Definície tieňovej ekonomiky od G. Grossmana a E. Guttmana. | ||
| 610 | 2 | 0 | |a ekonomika tieňová |
| 610 | 2 | 0 | |a neprístojnosti obchodné |
| 610 | 2 | 0 | |a obchod nezákonný |
| 610 | 2 | 0 | |a kriminalita hospodárska |
| 610 | 2 | 0 | |a pojmy |
| 100 | 1 | |a Žilinský, Juraj | |